header

Bandits at sea (Record no. 63126)

MARC details
000 -LEADER
fixed length control field 01148nam a22003014a 4500
082 04 - DEWEY DECIMAL CLASSIFICATION NUMBER
Classification number 910.4/5
245 00 - TITLE STATEMENT
Title Bandits at sea
260 ## - PUBLICATION, DISTRIBUTION, ETC. (IMPRINT)
Place of publication New York :
Name of publisher New York University Press,
Year of publication c2001.
300 ## - PHYSICAL DESCRIPTION
Number of Pages ix, 351 p. :
Other physical details ill., maps.
650 #0 - SUBJECT ADDED ENTRY--TOPICAL TERM
Topical Term Pirates.
700 1# - ADDED ENTRY--PERSONAL NAME
Personal name Pennell, C. R.
856 40 - ELECTRONIC LOCATION AND ACCESS
Uniform Resource Identifier http://site.ebrary.com/lib/rucke/Doc?id=10032500

No items available.

© 2026 Rongo University
Contact us: librarian | system librarian | Rongo university